[Event "SRB-ch Semifinal 2022"]
[Site "Paracin"]
[Date "2022.03.18"]
[Round "2.6"]
[White "Milosevic, Milos"]
[Black "Zivkovic, Nemanja"]
[Result "1-0"]
[WhiteElo "2296"]
[BlackElo "2380"]
[Annotator "TA"]
[PlyCount "111"]
[EventDate "2022.03.17"]
[EventType "swiss"]
[EventCountry "SRB"]
[SourceTitle "playchess.com"]
[Source "ChessBase"]
[SourceQuality "1"]

{[%evp 11,111,21,38,29,47,26,12,22,19,0,29,27,34,37,32,22,20,21,29,24,15,16,95,92,149,31,40,23,56,24,31,27,33,33,43,43,38,38,44,36,43,12,55,45,61,62,76,57,63,47,77,74,87,66,87,89,143,70,164,138,158,157,322,299,434,421,710,667,644,634,634,610,986,960,1068,1033,1512,1290,1167,758,731,729,687,679,784,780,735,677,721,768,812,741,975,958,2583,2418,2220,1943,12840,1843,12839,1432]} 1. d4 Nf6 2. c4 e6 3. Nf3 d5 4. g3 c6 5. Bg2 Nbd7 6. O-O b6 7. Qc2 {E01: Catalan: Early deviations.} Ba6 8. Nfd2 {[#]} Be7 $146 ({Predecessor:} 8... Rc8 9. Rd1 Be7 10. e4 e5 11. exd5 cxd5 12. dxe5 Ng4 13. Bxd5 O-O 14. e6 Nde5 15. exf7+ {0-1 (24) Zhao,S (2007)-Yan,T (1799) Porto Carras 2015}) 9. e4 {The position is equal.} O-O 10. Rd1 Nxe4 (10... Rc8 {is interesting.} 11. e5 Ne8 12. Nc3 Nc7 13. cxd5 cxd5 14. a4 Nb8) 11. Nxe4 dxe4 12. Bxe4 Nf6 13. Bg2 Qc8 14. Nd2 c5 15. d5 exd5 16. cxd5 Bb7 (16... Rd8 $11) 17. Nc4 $16 Rd8 (17... Re8 $142) 18. Ne3 {White is more active.} ({White must play} 18. Bg5 $1 $16) 18... Ne8 $14 19. Bd2 Bf6 20. a4 (20. Be4 {with more complications.} h6 21. Bc3 Qd7 22. a4 Rab8 23. h4) 20... Nd6 21. Bc3 Bxc3 22. bxc3 Qc7 23. c4 Bc8 24. a5 Bd7 25. axb6 axb6 26. Qb2 Rdb8 (26... Rxa1 $11 27. Rxa1 b5) 27. Qe5 Rxa1 28. Rxa1 Re8 29. Qf4 h6 30. h4 Rb8 31. Be4 Re8 32. Bd3 Rb8 33. g4 {[%cal Bg3g4,Bg4g5,Bg5g6][%mdl 32]} Re8 (33... Rd8 $142) 34. Kg2 ({Better is} 34. g5 $1 $16 {[%cal Rg5h6]} hxg5 35. hxg5) 34... Bc8 ({Black should play} 34... Qb8 $14) 35. g5 $1 $18 h5 {[#]} 36. g6 $1 {Threatens to win with gxf7+.} Rf8 {Black cannot hold the game after this.} (36... Qd7 $16 37. gxf7+ Nxf7) 37. Qg5 fxg6 (37... Ne8 $142 38. Qxh5 Nf6 39. gxf7+ Rxf7) 38. Qxg6 {Strongly threatening Qh7+. White is clearly winning.} Rf6 (38... Rd8 $142 39. Qxh5 Nf7 40. Qh7+ Kf8) 39. Qh7+ ({Less strong is} 39. Qxh5 Qf7 40. Qh7+ Kf8 41. Qh8+ (41. Ra8 Rxf2+ 42. Kg1 Qf4 $11) 41... Qg8 42. Qxg8+ Kxg8 $18) 39... Kf8 {Hoping for ...Rh6.} 40. Qh8+ Kf7 41. Qxh5+ Ke7 42. Ng4 Bxg4 43. Qxg4 Kf7 44. Qh5+ Ke7 45. Re1+ Kd7 46. Qh8 Qd8 47. Qxg7+ Rf7 48. Qg4+ Kc7 49. Re6 Qf8 50. Qg3 Rf4 51. Rg6 Kb7 52. h5 {aiming for h6.} Nxc4 53. Rg7+ Ka6 54. h6 b5 55. Rg6+ (55. Bxc4 $142 Kb6 56. Rg6+ Rf6 {[#]} 57. h7 $1 bxc4 58. Rg8 Qf7 59. Rb8+ Ka7 60. h8=Q) 55... Ka5 56. h7 {Weighted Error Value: White=0.18 (very precise) /Black=0.29 (precise)} (56. Bxc4 $142 bxc4 57. Qa3+ Kb5 58. Qb2+ Ka5 59. h7) 1-0

[Event "SRB-ch Semifinal 2022"]
[Site "Paracin"]
[Date "2022.03.18"]
[Round "2.7"]
[White "Djordjevic, Vuk"]
[Black "Blagojevic, Tijana"]
[Result "1/2-1/2"]
[WhiteElo "2382"]
[BlackElo "2260"]
[Annotator "TA"]
[PlyCount "91"]
[EventDate "2022.03.17"]
[EventType "swiss"]
[EventCountry "SRB"]
[SourceTitle "playchess.com"]
[Source "ChessBase"]
[SourceQuality "1"]

{[%evp 9,91,-2,22,20,14,32,52,-38,-23,-59,-35,-37,-23,-25,-25,-20,-14,-51,-35,-43,-28,-57,-43,-55,49,-62,-47,-132,-52,-45,-23,-23,-16,-20,0,0,0,0,13,-10,-10,-8,-8,-13,-14,-13,-12,-12,-12,-14,-16,-14,-13,-13,-13,-12,-14,-17,-13,-20,0,0,0,-16,0,-37,0,0,0,0,0,0,0,0,0,0,0,0,0,0,0,0,0,0]} 1. d4 d5 2. Bf4 c5 3. e3 Nc6 4. Nf3 Nf6 5. Nbd2 Nh5 6. dxc5 {D02: 1 d4 d5 2 Nf3 sidelines, including 2...Nf6 3 g3 and 2...Nf6 3 Bf4.} Nxf4 7. exf4 e6 {[#]} 8. a3 $146 (8. Nb3 $14) ({Predecessor:} 8. Nb3 Bxc5 9. Nxc5 Qa5+ 10. c3 Qxc5 11. Bd3 g6 12. g3 Bd7 13. Qe2 d4 14. Rc1 {½-½ (56) Blohberger,F (2447)-Blagojevic,D (2497) Skopje 2018}) 8... Bxc5 {aiming for ...Qb6.} 9. b4 Be7 10. Bd3 O-O 11. O-O Bf6 12. Rb1 Qc7 13. b5 Na5 14. g3 {[%cal Oc2c4]} b6 15. Re1 {[%cal Oc2c4]} Bc3 16. Re3 {[%cal Od3h7]} Bb7 {[#]} (16... Rd8 $15) 17. Ne5 ({White must play} 17. Bxh7+ $1 $14 Kxh7 18. Ng5+ Kg6 19. Ndf3 (19. Qg4 f5 $17)) 17... Rad8 18. Bf1 (18. Qh5 $2 g6 19. Qd1 f6 $19) ({White should try} 18. Nb3 $1 $15) 18... Bd4 (18... d4 $17 19. Rd3 f6) 19. Re2 $15 Nc4 20. Ndxc4 dxc4 21. Qe1 $1 Qc5 22. c3 Bxe5 23. Rxe5 Rd5 24. Rb4 {[%cal Bb1b4,Bb4c4,Bc4c7][%mdl 32]} (24. Bg2 $5 {[%cal Rg2d5]}) 24... Rfd8 25. Rxc4 Qxb5 26. Rc7 {[%csl LRb5,LRb7] [#] To avoid Qd7} Rxe5 27. Qxe5 Qxe5 28. fxe5 $11 {[%mdl 4096] Endgame KRB-KRB} Bf3 {And now ...h6 would win.} 29. h4 g5 {...Rd1 is the strong threat.} 30. Bg2 $1 ({Avoid the trap} 30. hxg5 $2 Rd1 31. Rxa7 Be2 $19) 30... Rd1+ 31. Kh2 Bxg2 32. Kxg2 gxh4 33. gxh4 {KR-KR} ({Don't play} 33. Rxa7 hxg3 34. Kxg3 Rd3+ 35. Kg4 Rxc3 $17) 33... a5 34. Rc6 Ra1 35. Rxb6 Rxa3 36. Rc6 a4 37. Rc4 Rb3 38. Rxa4 {The position is equal.} Rxc3 39. Rg4+ Kf8 40. Ra4 Kg7 41. Rg4+ Kf8 42. f4 Rc4 43. Kf3 Rc3+ 44. Kf2 Rc2+ 45. Kf3 Rc3+ 46. Kf2 {Weighted Error Value: White=0.15 (very precise) /Black=0.15 (very precise)} 1/2-1/2

[Event "SRB-ch Semifinal 2022"]
[Site "Paracin"]
[Date "2022.03.18"]
[Round "2.8"]
[White "Pap, Misa"]
[Black "Velikic, Adela"]
[Result "1-0"]
[WhiteElo "2372"]
[BlackElo "2258"]
[Annotator "TA"]
[PlyCount "39"]
[EventDate "2022.03.17"]
[EventType "swiss"]
[EventCountry "SRB"]
[SourceTitle "playchess.com"]
[Source "ChessBase"]
[SourceQuality "1"]

{[%evp 9,39,-2,-9,0,-5,0,13,0,0,0,17,0,219,199,450,445,454,448,437,444,431,208,187,127,201,114,152,139,1845,1718,29995,29996]} 1. e4 c6 2. d4 d5 3. f3 e6 4. Nc3 {[%cal Bb1c3,Bc3e4,Be4d6][%mdl 32]} Bb4 5. Bd2 Ne7 6. a3 {B12: Caro-Kann: Advance Variation.} Ba5 7. Bd3 dxe4 {[#]} 8. Nxe4 $146 {The position is equal.} ({Predecessor:} 8. fxe4 Bb6 9. Nf3 Bxd4 10. Nxd4 Qxd4 11. Qh5 Nd7 12. O-O-O Qe5 13. Qh3 Ng6 14. Rhf1 {0-1 (41) Moran,D (1847)-Harding,T (2028) Dublin 2019}) 8... Bxd2+ 9. Qxd2 Qxd4 10. O-O-O Nf5 $2 (10... Qe5 $11 {and Black has nothing to worry.}) 11. Ne2 $18 {[%mdl 1024] White has strong compensation.} Qb6 (11... Qd8 {was worth a try.} 12. h4 h6) 12. g4 Ne3 13. Nd6+ Ke7 14. Nc4 (14. Nxc8+ Rxc8 15. Rde1 (15. Bxh7 Nxd1 16. Qg5+ Kf8 $17) 15... Ng2 $11) 14... Nxc4 {[%csl Gc4][%cal Rb6b2]} 15. Qg5+ (15. Bxc4 $142 Nd7 16. Rhe1 (16. Bxe6 fxe6 17. Ng3 Qc7 $19)) 15... Kf8 {[%csl Gc4][%cal Rb6b2]} 16. Bxc4 {White wants to mate with Rd8+.} Nd7 {[#]} 17. Nd4 (17. Rd6 $1 $18) 17... Nf6 18. Rhe1 {aiming for Qe5. White is much more active. Black has bad knights.} Bd7 $2 {[%mdl 8192] [#]} (18... h6 $16 19. Qe5 Kg8) 19. Nf5 $1 {[%mdl 512]} exf5 {[#]} (19... Rg8 20. Rxd7) 20. Rxd7 $1 {[%mdl 512] Weighted Error Value: White=0.36/Black=0.79} 1-0

[Event "SRB-ch Semifinal 2022"]
[Site "Paracin"]
[Date "2022.03.18"]
[Round "2.9"]
[White "Djokic, Mihailo"]
[Black "Tadic, Stefan"]
[Result "0-1"]
[WhiteElo "2279"]
[BlackElo "2336"]
[Annotator "ChessBase"]
[PlyCount "70"]
[EventDate "2022.03.17"]
[EventType "swiss"]
[EventCountry "SRB"]
[SourceTitle "playchess.com"]
[Source "ChessBase"]
[SourceQuality "1"]
[TimeControl "40/5400+30:1800+30"]

1. e4 {[%emt 0:00:03]} e5 {[%emt 0:00:21]} 2. Nf3 {[%emt 0:00:12]} Nc6 {[%emt 0:00:31]} 3. Nc3 {[%emt 0:00:05]} Nf6 {[%emt 0:00:49]} 4. Bb5 {[%emt 0:00:06]} Nd4 {[%emt 0:00:46]} 5. Ba4 {[%emt 0:00:21]} Bc5 {[%emt 0:00:54]} 6. Nxe5 {[%emt 0:00:06]} O-O {[%emt 0:00:50]} 7. Nd3 {[%emt 0:00:01]} Bb6 {[%emt 0:00:07]} 8. e5 {[%emt 0:00:03]} Ne8 {[%emt 0:00:50]} 9. Nd5 {[%emt 0:05:50]} d6 {[%emt 0:00:37]} 10. Ne3 {[%emt 0:07:13]} c5 {[%emt 0:00:41]} 11. c3 {[%emt 0:07:51]} Nc6 {[%emt 0:00:40]} 12. exd6 {[%emt 0:05:25]} Qxd6 {[%emt 0:01:09]} 13. Qe2 {[%emt 0:13:01]} Bc7 {[%emt 0:39:13]} 14. f4 {[%emt 0:07:49]} b6 {[%emt 0:19:06]} 15. Qf3 {[%emt 0:03:11]} Bb7 {[%emt 0:06:33]} 16. Ne5 {[%emt 0:00:55]} Nd8 {[%emt 0:10:23]} 17. Qg3 {[%emt 0:00:29]} Bc8 {[%emt 0:01:59]} 18. O-O {[%emt 0:05:21]} f6 {[%emt 0:04:28]} 19. Bb3+ {[%emt 0:01:22]} Nf7 {[%emt 0:02:55]} 20. Nxf7 {[%emt 0:00:37]} Rxf7 {[%emt 0:00:11]} 21. Qf3 {[%emt 0:00:16]} Rb8 {[%emt 0:00:59]} 22. Bxf7+ {[%emt 0:00:05]} Kxf7 {[%emt 0:00:04]} 23. Qh5+ {[%emt 0:00:06]} Kf8 {[%emt 0:00:16]} 24. Qxh7 {[%emt 0:00:21]} Ba6 {[%emt 0:00:17]} 25. Nf5 {[%emt 0:00:55]} Qe6 {[%emt 0:03:36]} 26. g3 {[%emt 0:17:54]} Bxf1 {[%emt 0:01:15]} 27. Kxf1 {[%emt 0:00:08]} Qe4 {[%emt 0:02:33]} 28. Qh5 {[%emt 0:00:41]} Rd8 {[%emt 0:00:46]} 29. d4 {[%emt 0:24:33]} Rd5 {[%emt 0:00:45]} 30. Qh8+ {[%emt 0:00:00]} Kf7 {[%emt 0:00:01]} 31. Ne3 {[%emt 0:00:00]} Qf3+ {[%emt 0:00:05]} 32. Kg1 {[%emt 0:00:00]} Rh5 {[%emt 0:00:03]} 33. Qxh5+ {[%emt 0:00:00]} Qxh5 {[%emt 0:00:02]} 34. dxc5 {[%emt 0:00:00]} bxc5 {[%emt 0:00:54]} 35. Bd2 {[%emt 0:00:00]} Qe2 {[%emt 0:00:07]} 0-1

[Event "SRB-ch Semifinal 2022"]
[Site "Paracin"]
[Date "2022.03.18"]
[Round "2.10"]
[White "Zlatanovic, Boroljub"]
[Black "Gajcin, Marina"]
[Result "1/2-1/2"]
[WhiteElo "2338"]
[BlackElo "2254"]
[Annotator "ChessBase"]
[PlyCount "67"]
[EventDate "2022.03.17"]
[EventType "swiss"]
[EventCountry "SRB"]
[SourceTitle "playchess.com"]
[Source "ChessBase"]
[SourceQuality "1"]
[TimeControl "40/5400+30:1800+30"]

1. c4 {[%emt 1:31:00]} Nf6 {[%emt 0:02:12]} 2. Nc3 {[%emt 0:00:30]} e5 {[%emt 0:01:54]} 3. g3 {[%emt 0:00:00]} Bb4 {[%emt 0:01:00]} 4. Bg2 {[%emt 0:00:00]} O-O {[%emt 1:27:24]} 5. Nf3 {[%emt 0:01:30]} Re8 {[%emt 0:00:30]} 6. O-O {[%emt 0:00:00]} e4 {[%emt 0:00:30]} 7. Nd4 {[%emt 0:01:00]} Nc6 {[%emt 0:00:30]} 8. Nc2 {[%emt 0:00:30]} Bxc3 {[%emt 0:00:00]} 9. dxc3 {[%emt 0:00:30]} d6 {[%emt 0:01:00]} 10. Bg5 {[%emt 0:00:30]} h6 {[%emt 0:00:30]} 11. Bxf6 {[%emt 0:00:00]} Qxf6 {[%emt 0:00:00]} 12. Ne3 {[%emt 0:01:00]} Bf5 {[%emt 0:01:00]} 13. Qd2 {[%emt 0:00:00]} Bg6 {[%emt 0:00:30]} 14. f4 {[%emt 0:01:00]} exf3 {[%emt 0:00:30]} 15. exf3 {[%emt 0:00:30]} Qg5 {[%emt 0:00:00]} 16. Rae1 a5 {[%emt 0:01:00]} 17. Rf2 {[%emt 0:01:00]} Qc5 {[%emt 0:00:30]} 18. f4 {[%emt 0:00:30]} Be4 {[%emt 0:00:30]} 19. Rfe2 {[%emt 0:00:30]} a4 {[%emt 0:00:30]} 20. Bxe4 {[%emt 0:00:00]} Rxe4 {[%emt 0:00:00]} 21. Qd5 {[%emt 0:01:00]} Rae8 {[%emt 0:00:00]} 22. Qxc5 {[%emt 0:00:00]} dxc5 {[%emt 0:00:00]} 23. Kf2 {[%emt 0:01:00]} Na5 {[%emt 0:02:00]} 24. Nd5 {[%emt 0:00:00]} Rxe2+ {[%emt 0:00:00]} 25. Rxe2 {[%emt 0:00:00]} Rxe2+ {[%emt 0:00:00]} 26. Kxe2 {[%emt 0:00:00]} Nxc4 {[%emt 0:01:30]} 27. b3 {[%emt 0:02:00]} axb3 {[%emt 0:00:30]} 28. axb3 {[%emt 0:00:30]} Nd6 {[%emt 0:00:00]} 29. Nxc7 {[%emt 0:00:30]} Kf8 {[%emt 0:00:00]} 30. Nd5 {[%emt 0:00:30]} Ke8 {[%emt 0:00:00]} 31. Kd3 {[%emt 0:00:00]} Kd7 {[%emt 0:02:00]} 32. Nb6+ {[%emt 0:01:00]} Kc6 {[%emt 0:00:30]} 33. Nc4 {[%emt 0:00:00]} Nxc4 {[%emt 0:00:30]} 34. Kxc4 {[%emt 0:00:00]} 1/2-1/2

[Event "SRB-ch Semifinal 2022"]
[Site "Paracin"]
[Date "2022.03.18"]
[Round "3.1"]
[White "Todorovic, Nenad I"]
[Black "Zajic, Milan"]
[Result "0-1"]
[WhiteElo "2311"]
[BlackElo "2450"]
[Annotator "TA"]
[PlyCount "84"]
[EventDate "2022.03.17"]
[EventType "swiss"]
[EventCountry "SRB"]
[SourceTitle "playchess.com"]
[Source "ChessBase"]
[SourceQuality "1"]

{[%evp 20,84,27,12,12,10,8,0,0,0,0,0,0,0,0,0,0,0,0,-6,0,-8,21,-54,-58,-61,34,-58,-87,-79,-59,-70,-81,-100,-77,-35,0,0,0,0,0,-180,-58,-66,-35,-322,-316,-298,-272,-518,-539,-677,-677,-958,-899,-1162,-1130,-3360,-2744,-3142,-2828,-29988,-29989,-29989,-29990,-29989,-29990]} 1. e4 c5 2. Nf3 {[%cal Bg1f3,Bf3d4,Bd4b5,Bb5a3,Ba3c2][%mdl 32]} Nc6 3. d4 cxd4 4. Nxd4 Nf6 5. Nc3 e5 6. Ndb5 d6 7. Bg5 a6 8. Na3 b5 9. Nd5 Be7 10. Bxf6 Bxf6 11. c4 b4 {B33: Sicilian: Pelikan and Sveshnikov Variations.} 12. Nc2 O-O 13. Qf3 Bg5 {The position is equal.} 14. h4 Bh6 15. g4 {Inhibits f5.} f6 {To avoid g5} 16. Rg1 Be6 17. Qg2 {Threatens to win with g5.} Bf4 {[#]} (17... Qa5 $5 18. b3 Bf4 $11) 18. Qf3 $146 ({Predecessor:} 18. Nxf4 exf4 19. O-O-O Ne5 20. Kb1 Qc7 21. Nd4 Bxc4 22. f3 Rac8 23. g5 fxg5 24. Bxc4+ Nxc4 25. Ne6 Qb6 26. Qxg5 {½-½ (26) Moreno Carretero,C (2393)-Destruels Moreno,V (2368) ICCF email 2013}) 18... Bh6 19. Qg2 {aiming for g5.} Bf4 (19... Qa5 $5 20. b3 Bf4 $11) 20. Qf3 g5 21. Rd1 (21. Rh1 $11) 21... Qa5 $1 $15 {Strongly threatening ...b3+.} (21... gxh4 22. Nxf4 exf4 23. Qxf4 $11) 22. Qb3 Rab8 ({Black should try} 22... gxh4 $15 23. Nxf4 exf4) 23. Nxf4 (23. Be2 $14) 23... exf4 24. Nd4 ({Don't play} 24. Rxd6 Qe5 $1 25. Rxe6 (25. Qd3 $2 Rfd8 $19) 25... Qxe6 $19) 24... Nxd4 25. Rxd4 Qe5 26. Qd3 b3 {Black is more active.} 27. a3 Rfc8 {[%cal Od6d5]} 28. hxg5 fxg5 {[%cal Od6d5]} 29. Be2 $1 Rc6 30. Kd2 $2 {[#]} (30. f3 $1 $11) 30... Rbc8 (30... f3 $1 $19 {[%cal Rf3e2]} 31. Bxf3 Rbc8) 31. Rc1 f3 $1 $36 {[%mdl 2048] White is under pressure.} 32. Bxf3 {[%mdl 8192] [#] Loses the game.} ({Only move:} 32. Bd1 $1 $15) 32... Rf8 $1 $19 {[%cal Of8f3,Bc8f8,Bf8f2,Bf2h2,Bh2h3][%mdl 32] And now ...Rxf3! would win.} 33. Be2 Rxf2 {White must now prevent ...Bxg4.} 34. Qe3 $2 (34. Re1) 34... Rh2 35. Kd3 h5 36. gxh5 Rh3 37. Bf3 g4 38. Rg1 Kh7 39. Rf1 Rc7 {[%cal Bc6c7,Bc7f7,Bf7f3][%mdl 32] ...Rf7 is the strong threat.} 40. Qg1 Rf7 {[%mdl 64] Pin. Black mates.} 41. Kd2 Rhxf3 42. Rxf3 Rxf3 {Weighted Error Value: White=0.94/Black=0.09 (flawless)} 0-1

[Event "SRB-ch Semifinal 2022"]
[Site "Paracin"]
[Date "2022.03.18"]
[Round "3.2"]
[White "Ivanovic, Marko"]
[Black "Pap, Misa"]
[Result "0-1"]
[WhiteElo "2302"]
[BlackElo "2372"]
[Annotator "TA"]
[PlyCount "140"]
[EventDate "2022.03.17"]
[EventType "swiss"]
[EventCountry "SRB"]
[SourceTitle "playchess.com"]
[Source "ChessBase"]
[SourceQuality "1"]

{[%evp 10,140,24,20,31,19,25,0,34,26,41,16,20,-3,48,58,67,7,25,17,20,-10,-7,-13,-12,-13,-13,-13,-9,-10,-16,-18,0,0,0,-49,-41,-52,-12,-16,-13,-3,-16,-68,-45,-68,-46,-50,-48,-57,-54,-37,-44,-41,-31,-50,-40,-40,-47,-220,-21,-45,0,-229,0,-34,0,-16,-16,-16,-16,-58,0,0,41,11,20,-6,-8,-77,-77,-77,-77,-77,-77,-77,-77,-77,-77,-116,-38,-77,0,-116,-116,-116,-116,-116,-116,-116,-116,-116,-116,-116,-78,-78,-78,-712,-703,-637,-403,-29967,-29970,-29970,-29971,-29964,-29939,-29973,-29973,-29980,-1809,-29980,-29981,-29980,-29981,-29985,-29986,-29987,-29987,-29986,-29987,-29987,-29987]} 1. e4 c5 2. Nf3 Nc6 3. Bb5 g6 4. Bxc6 dxc6 5. d3 Bg7 6. h3 b6 {B31: Sicilian: 2...Nc6 3 Bb5 g6.} 7. O-O Nf6 {[%cal Bg8f6,Bf6d7,Bd7f8,Bf8e6,Be6d4][%mdl 32]} 8. Be3 Nd7 {[#] The position is equal.} 9. Qc1 $146 ({Predecessor:} 9. c3 Ba6 10. Re1 Nf6 11. e5 Nd5 12. Bg5 h6 13. Bc1 O-O 14. Na3 Kh7 15. Nc4 {0-1 (25) Lazov,T (2405)-Mamedov,R (2654) Europe Echecs INT 2021}) 9... h6 10. a3 Nf8 11. Rd1 e5 (11... Ne6 $11) 12. b4 $14 Ne6 13. c3 (13. bxc5 $14 bxc5 14. Nbd2) 13... Ba6 14. Ra2 {[%cal Od3d4]} Rc8 15. Rad2 {[#]} Nd4 $1 16. cxd4 cxd4 17. Rc2 dxe3 18. fxe3 Qd7 (18... Bxd3 $2 19. Rcd2 $18 (19. Rxc6 O-O $18)) 19. d4 O-O 20. Nc3 Bc4 {[%cal Ba6c4,Bc4b3,Bb3e6][%mdl 32]} 21. dxe5 Qe7 {aiming for ...Bb3.} 22. Rcd2 (22. Rd4 $11 Bb3 23. Rb2) 22... Rc7 $1 $15 23. Rd6 Bb3 {This bishop pair is nice.} 24. R1d3 Bxe5 25. Nxe5 Qxe5 26. Qd2 (26. Nb5 $11 Re7 27. Qxc6) 26... Be6 27. a4 Rfc8 {Black is more active.} 28. Rd8+ Kg7 29. R3d6 Rxd8 30. Rxd8 c5 {Prevents Qd4.} 31. Nb5 Re7 32. bxc5 bxc5 33. Nd6 Bb3 34. Nc8 $2 (34. a5 $15) 34... Rc7 $2 ({Black should play} 34... Qa1+ $19 35. Kh2 Rxe4) 35. Nd6 $11 {Hoping for Ne8+.} Re7 {Prevents Ne8+.} (35... Kh7 $15 36. Rb8 Be6) 36. Nc8 $1 $19 Rc7 ({Black should try} 36... Qa1+ $19 37. Kh2 Rxe4) 37. Nd6 $15 Bxa4 {...Bc6 is the strong threat.} 38. Nc4 Qf6 39. e5 $1 Qe6 {White must now prevent ...Rd7.} 40. Qd6 Re7 (40... Qe7 $1 $15) 41. Qxc5 $11 Bb3 (41... Re8 $11 {might be stronger.} 42. Rxe8 Bxe8) 42. Nd2 (42. Na5 $5 {[%cal Ra5b3]} Ba2 43. Nc6 $14) 42... Bd1 43. Nc4 Be2 44. Rd5 (44. Nd6 $1 $11) 44... Bxc4 $17 45. Qxc4 {[%mdl 4096] Endgame KQR-KQR} Rd7 $1 $36 {[%mdl 2048] Black has strong initiative.} 46. e4 Rxd5 47. exd5 Qxe5 {KQ-KQ} 48. Qc5 h5 49. Qc6 Qe1+ 50. Kh2 Qe5+ 51. Kg1 a5 52. d6 Qd4+ 53. Kh2 a4 54. d7 {Threatening mate with Qc7.} a3 55. Qc7 a2 56. d8=Q Qxd8 57. Qxd8 a1=Q {Inhibits Qa8. KQ-KQ} 58. g4 $2 {[%mdl 8192] [#]} (58. g3 $17) 58... Qe5+ $1 $19 59. Kg2 Qe2+ 60. Kg3 (60. Kg1 $19 Qe3+ 61. Kg2) 60... h4+ 61. Kf4 Qh2+ 62. Ke4 Qxh3 63. Qd4+ Kh7 64. Qd7 {[#]} Qg2+ (64... Qxg4+ $142 $3 {[%mdl 512]} 65. Qxg4 f5+ 66. Kf4 fxg4 67. Kxg4 g5 68. Kh3 Kg6 69. Kg4 Kf6 70. Kf3 Kf5 71. Ke3 g4 72. Ke2 h3 73. Kf2 Kf4 74. Kf1 g3 75. Ke1 h2 76. Kd2 h1=Q 77. Kd3 g2 78. Kc4 g1=Q 79. Kb5 Qd5+ 80. Ka6 Qc6+ 81. Ka5 Qe1#) 65. Kf4 Qf2+ {Black mates.} 66. Ke4 h3 {[%cal Bh4h3,Bh3h2][%mdl 32]} 67. Qd1 h2 68. Ke5 Qg3+ 69. Kf6 Qf4+ 70. Ke7 Qe4+ {Weighted Error Value: White=0.44/Black=0.25 (precise)} 0-1

[Event "SRB-ch Semifinal 2022"]
[Site "Paracin"]
[Date "2022.03.18"]
[Round "3.3"]
[White "Tadic, Stefan"]
[Black "Milosevic, Milos"]
[Result "1/2-1/2"]
[WhiteElo "2336"]
[BlackElo "2296"]
[Annotator "TA"]
[PlyCount "40"]
[EventDate "2022.03.17"]
[EventType "swiss"]
[EventCountry "SRB"]
[SourceTitle "playchess.com"]
[Source "ChessBase"]
[SourceQuality "1"]

{[%evp 21,26,0,0,0,6,-6,-8]} 1. e4 e5 2. Nf3 Nc6 3. Nc3 Nf6 4. Bb5 Nd4 5. Nxd4 exd4 6. e5 dxc3 7. exf6 Qxf6 8. dxc3 Qe5+ 9. Qe2 Qxe2+ 10. Kxe2 c6 11. Bd3 d5 {The position is equal.} 12. Re1 {C48: Four Knights: 4 Bb5, replies other than 4...Bb4.} Be6 13. Kf1 Kd7 {[#] A rather calm draw.} {Predecessor:} 14. Bf4 $146 Bd6 15. Bxd6 Kxd6 16. Rad1 Rae8 17. Re3 h6 18. Rde1 Bd7 19. Rxe8 Rxe8 20. Rxe8 Bxe8 {½-½ (20) Bannik,A-Levin,N Kiev 1963} 1/2-1/2

[Event "SRB-ch Semifinal 2022"]
[Site "Paracin"]
[Date "2022.03.18"]
[Round "3.5"]
[White "Ratkovic, Milovan"]
[Black "Zlatanovic, Boroljub"]
[Result "1-0"]
[WhiteElo "2440"]
[BlackElo "2338"]
[Annotator "ChessBase"]
[PlyCount "67"]
[EventDate "2022.03.17"]
[EventType "swiss"]
[EventCountry "SRB"]
[SourceTitle "playchess.com"]
[Source "ChessBase"]
[SourceQuality "1"]
[TimeControl "40/5400+30:1800+30"]

1. d4 {[%emt 0:03:40]} g6 {[%emt 0:00:09]} 2. e4 {[%emt 0:00:28]} Bg7 {[%emt 0:00:10]} 3. Nc3 {[%emt 0:00:27]} d6 {[%emt 0:00:09]} 4. Be3 {[%emt 0:01:27]} c6 {[%emt 0:00:22]} 5. f4 {[%emt 0:03:00]} d5 {[%emt 0:00:58]} 6. e5 {[%emt 0:00:51]} h5 {[%emt 0:00:18]} 7. Nf3 {[%emt 0:01:23]} Nh6 {[%emt 0:01:57]} 8. h3 {[%emt 0:15:47]} Nf5 {[%emt 0:03:09]} 9. Bf2 {[%emt 0:01:42]} h4 {[%emt 0:00:28]} 10. Bd3 {[%emt 0:01:23]} e6 {[%emt 0:02:17]} 11. O-O {[%emt 0:01:57]} Bf8 {[%emt 0:01:46]} 12. Ne2 {[%emt 0:03:22]} Na6 {[%emt 0:06:06]} 13. a3 {[%emt 0:01:46]} Nc7 {[%emt 0:01:56]} 14. b3 {[%emt 0:03:56]} Be7 {[%emt 0:01:32]} 15. c4 {[%emt 0:06:21]} b6 {[%emt 0:07:43]} 16. Qc2 {[%emt 0:02:26]} Bb7 {[%emt 0:01:58]} 17. Rfd1 {[%emt 0:00:38]} Rc8 {[%emt 0:01:42]} 18. c5 {[%emt 0:06:51]} b5 {[%emt 0:12:59]} 19. b4 {[%emt 0:00:56]} Kf8 {[%emt 0:01:28]} 20. Kh2 {[%emt 0:00:11]} Ne8 {[%emt 0:00:47]} 21. a4 {[%emt 0:01:26]} a6 {[%emt 0:01:04]} 22. Ra3 {[%emt 0:05:42]} Neg7 {[%emt 0:01:20]} 23. Rda1 {[%emt 0:01:07]} Kg8 {[%emt 0:07:51]} 24. Qd2 {[%emt 0:00:41]} f6 {[%emt 0:05:32]} 25. axb5 {[%emt 0:05:40]} axb5 {[%emt 0:00:12]} 26. Ra7 {[%emt 0:00:38]} Ra8 {[%emt 0:10:17]} 27. Rxa8 {[%emt 0:02:25]} Bxa8 {[%emt 0:00:02]} 28. Ra7 {[%emt 0:01:04]} Kh7 {[%emt 0:02:25]} 29. Nxh4 {[%emt 0:03:29]} fxe5 {[%emt 0:00:23]} 30. Nxf5 {[%emt 0:01:35]} exf5 {[%emt 0:01:28]} 31. dxe5 {[%emt 0:01:12]} Re8 {[%emt 0:00:44]} 32. Nd4 {[%emt 0:01:00]} Qb8 {[%emt 0:00:15]} 33. Ra1 {[%emt 0:04:56]} Bb7 {[%emt 0:01:14]} 34. g4 {[%emt 0:01:59]} 1-0